| 000 | 00577nam a22001577a 4500 | ||
|---|---|---|---|
| 999 |
_c528010 _d528010 |
||
| 020 | _qHard Cover. | ||
| 082 | _a612 | ||
| 100 | _aNadeem, Amina | ||
| 245 |
_aAssociation of single nucleotide polymorphism of inflammatory cytokines with type 2 mellitus in patients reporting to tertiary care hospital in Pakistan / _cAmina Nadeem, |
||
| 260 |
_aIslamabad: _bAMC - NUST, _c2015. |
||
| 300 |
_axxiv, 193 p. ill. ; _c30cm. |
||
| 942 |
_2ddc _cTHE |
||
| 650 |
_aPh. D. Thesis. _919288 |
||
| 700 |
_aDr. Sadaf Mumtaz. _919518 |
||